书目信息 |
| 题名: |
社会保险
|
|
| 作者: | 孔泾源 , 侯文若 | |
| 分册: | ||
| 出版信息: | 北京 中国人民大学出版社 2002 |
|
| 页数: | 489 | |
| 开本: | 23cm | |
| 丛书名: | 21世纪保险系列教材 | |
| 单 册: | ||
| 中图分类: | F840.61 | |
| 科图分类: | ||
| 主题词: | 保险 | |
| 电子资源: | ||
| ISBN: | 7-300-04439-5 | |
| 000 | 00624nam0 2200217 450 | |
| 001 | 0760515518 | |
| 005 | 20070817164835.51 | |
| 010 | @a7-300-04439-5@d¥32.00 | |
| 100 | @a20070817d km y0chiy0120 ea | |
| 101 | 0 | @achi |
| 200 | 1 | @a社会保险@Ashe hui bao xian@f侯文若,孔泾源@Fhou wen ruo,kong jing yuan |
| 210 | @a北京@c中国人民大学出版社@d2002 | |
| 215 | @a489@d23cm | |
| 225 | 2 | @a21世纪保险系列教材 |
| 410 | 0 | @12001 @a21世纪保险系列教材 |
| 606 | 0 | @a保险 |
| 690 | @aF840.61@v3 | |
| 701 | 0 | @a孔泾源@Akong jing yuan |
| 701 | 0 | @a侯文若@Ahou wen ruo |
| 801 | 0 | @aCN@bPFT@c20070817 |
| 905 | @a213230@dF840.61@eg44@f1 | |
| 社会保险/侯文若,孔泾源.-北京:中国人民大学出版社,2002 |
| 489;23cm.-(21世纪保险系列教材) |
| ISBN 7-300-04439-5:¥32.00 |
| ● |
| 相关链接 |
|
|
|
|
正题名:社会保险
索取号:F840.61/g44
 
预约/预借
| 序号 | 登录号 | 条形码 | 馆藏地/架位号 | 状态 | 备注 |
| 1 | 6502466 | 265024662 | 密集书库-海洋学院/ [索取号:F840.61/g44] | 在馆 |